Lettres sur la philosophie de l'histoire / (Record no. 151677)

MARC details
000 -LEADER
campo de control de longitud fija 00817nam a2200229 i 4500
001 - NÚMERO DE CONTROL
campo de control 151677
003 - IDENTIFICADOR DE NÚMERO DE CONTROL
campo de control ES-MaACL
005 - FECHA Y HORA DE LA ÚLTIMA TRANSACCIÓN
campo de control 20251002204040.0
008 - DATOS DE LONGITUD FIJA--INFORMACIÓN GENERAL
campo de control de longitud fija 931025s1864 fr |||| | fre d
100 1# - ENTRADA PRINCIPAL--NOMBRE DE PERSONA
Nombre de persona Barot, Odysse (
Fechas asociadas al nombre 1830-1907)
9 (RLIN) 25788
245 10 - MENCIÓN DEL TÍTULO
Título Lettres sur la philosophie de l'histoire /
Mención de responsabilidad, etc. par Odysse-Barot.
260 ## - PUBLICACIÓN, DISTRIBUCIÓN, ETC.
Lugar de publicación, distribución, etc. Paris[etc.] :
Nombre del editor, distribuidor, etc. Germer Baillière[etc.],
Fecha de publicación, distribución, etc. 1864 (
Fabricante E. Martinet)
300 ## - DESCRIPCIÓN FÍSICA
Extensión 242, 16 p. ;
Dimensiones 19 cm.
490 1# - MENCIÓN DE SERIE
Mención de serie Bibliothèque de philosophie contemporaine
594 #1 - Nota al título y mención de responsabilidad
Nota al título y mención de responsabilidad "Lettres à Émile de Girardin"
597 #1 - NOTA DE DESCRIPCIÓN FÍSICA
NOTA DE DESCRIPCIÓN FÍSICA Signaturizado.
650 07 - PUNTO DE ACCESO ADICIONAL DE MATERIA--TÉRMINO DE MATERIA
Término de materia o nombre geográfico como elemento de entrada Filosofía
Fuente del encabezamiento o término embne
9 (RLIN) 12802
700 1# - ENTRADA AGREGADA--NOMBRE PERSONAL
Nombre de persona Girardin, Émile de,
Fechas asociadas al nombre 1806-1881
9 (RLIN) 57233
830 0# - PUNTO DE ACCESO ADICIONAL DE SERIE-TÍTULO UNIFORME
Título uniforme Bibliothèque de philosophie contemporaine
9 (RLIN) 181027
852 ## - LOCALIZACIÓN
Ubicación ES-MaACL
Número de control de estantería F-11761
Nota libre -- Enc. pasta española
Holdings
Estatus retirado Estado de pérdida Estado de daño No para préstamo Colección Biblioteca de origen Biblioteca actual Ubicación en estantería Fecha de adquisición Fuente de adquisición Total de préstamos Signatura topográfica completa Código de barras Visto por última vez Precio de reemplazo Tipo de ítem Koha
        Libros del s. XIX Biblioteca del Ateneo de Madrid Biblioteca del Ateneo de Madrid Sala Pecera Planta 2 17/01/2008     F-11761 1158300 23/02/2023 23/02/2023 Libro impreso antiguo